Statistics for List of Yokozuna, highest rank sumo wrestler

Click here to take the quiz!

General Stats

  • This quiz has been taken 297 times
    (211 since last reset)
  • The average score is 28 of 72

Answer Stats

#TermAnswer% Correct
692007-Hakuho Sho
95%
702012-2017Harumafuji Kohei
85%
722017-Kisenosato Yutaka
82%
641993-2001Akebono Taro
81%
712014-Kakuryu Rikisaburo
80%
682003-2010Asashoryu Akinori
79%
651995-2003Takanohana Koji
79%
451958-1962Wakanohana Kanji I
75%
561978-1983Wakanohana Kanji II
75%
661998-2000Wakanohana Masaru
75%
581981-1991Chiyonofuji Mitsugu
74%
671999-2003Musashimaru Koyo
70%
481961-1971Taiho Koki
65%
631990-1992Asahifuji Seiya
51%
621987-1991Onokuni Yasushi
48%
351938-1945Futabayama Sadaji
47%
551974-1985Kitanoumi Toshimitsu
46%
601986-1987Futahaguro Koji
45%
471961-1969Kashiwado Tsuyoshi
38%
531973-1974Kotozakura Masakatsu
38%
591983-1986Takanosato Toshihide
38%
521970-1974Kitanofuji Katsuaki
37%
571979-1980Mienoumi Tsuyoshi
37%
171896-1901Konishiki Yasokichi I
36%
101861-1865Unryu Kyukichi
36%
081840-1844Shiranui Dakuemon
35%
111863-1869Shiranui Koemon
35%
411951-1959Chiyonoyama Masanobu
34%
361942-1953Haguroyama Masaji
34%
151884-1885Umegatani Totaro I
34%
201903-1915Umegatani Totaro II
34%
511970-1971Tamanoumi Masahiro
33%
041789-1794Tanikaze Kajinosuke
33%
01UnknownAkashi Shiganosuke
32%
161890-1896Nishinoumi Kajiro I
32%
251915-1917Nishinoumi Kajiro II
32%
301922-1928Nishinoumi Kajiro III
32%
461959-1961Asashio Taro III
31%
321933-1938Tamanishiki Sanemon
31%
441955-1960Tochinishiki Kiyotaka
31%
371943-1946Akinoumi Setsuo
30%
031749Maruyama Gondazaemon
30%
341937-1942Minanogawa Tozo
30%
381943-1953Terukuni Manzo
30%
311924-1930Tsunenohana Kanichi
30%
611987-1992Hokutoumi Nobuyoshi
29%
391947-1949Maedayama Eigoro
29%
281918-1923Onishiki Daigoro
29%
501965-1968Sadanoyama Shinmatsu
29%
271918-1925Tochigiyama Moriya
29%
491964-1966Tochinoumi Teruyoshi
29%
02UnknownAyagawa Goroji
27%
231913-1914Okido Moriemon
27%
241914-1919Otori Tanigoro
27%
181901-1908Ozutsu Manemon
27%
541973-1981Wajima Hiroshi
27%
211903-1907Wakashima Gonshiro
27%
431954-1958Yoshibayama Junnosuke
27%
421953-1958Kagamisato Kiyoji
26%
221910-1917Tachiyama Mineemon
26%
191903-1914Hitachiyama Taniemon
25%
131869-1870Kimenzan Tanigoro
25%
331936-1939Musashiyama Takeshi
25%
051789-1798Onogawa Kisaburo
25%
061828-1835Onomatsu Midorinosuke
25%
401949-1954Azumafuji Kinichi
23%
071829-1839Inazuma Raigoro
23%
261916-1922Onishiki Uichiro
22%
121867Junmaku Kyugoro
21%
291922-1931Miyagiyama Fukumatsu
21%
141877-1881Sakaigawa Namiemon
20%
091847-1850Hidenoyama Raigoro
19%

Score Distribution

Percentile by Number Answered

Percent of People with Each Score

Your Score History

You have not taken this quiz since the last reset